Công nghệ kinh doanh sách
Giới thiệu quá trình phát triển ngành kinh doanh sách ở Nga, kinh doanh sách bán lẻ, bán buôn, mạng lưới kinh doanh sách và làm thế nào để kinh doanh sách thành công
Guardat en:
| Autor principal: | |
|---|---|
| Format: | Llibre |
| Idioma: | Undetermined |
| Publicat: |
Hà Nội
Thông tấn
2003
|
| Matèries: | |
| Etiquetes: |
Afegir etiqueta
Sense etiquetes, Sigues el primer a etiquetar aquest registre!
|
| Thư viện lưu trữ: | Trung tâm Học liệu Trường Đại học Cần Thơ |
|---|
| LEADER | 00850nam a2200205Ia 4500 | ||
|---|---|---|---|
| 001 | CTU_60349 | ||
| 008 | 210402s9999 xx 000 0 und d | ||
| 020 | |b 19000 | ||
| 082 | |a 381.45002 | ||
| 082 | |b A535 | ||
| 100 | |a Anatolievich, Vaxkin Alecxanđrô | ||
| 245 | 0 | |a Công nghệ kinh doanh sách | |
| 245 | 0 | |c Vaxkin Alecxanđrô Anatolievich | |
| 260 | |a Hà Nội | ||
| 260 | |b Thông tấn | ||
| 260 | |c 2003 | ||
| 520 | |a Giới thiệu quá trình phát triển ngành kinh doanh sách ở Nga, kinh doanh sách bán lẻ, bán buôn, mạng lưới kinh doanh sách và làm thế nào để kinh doanh sách thành công | ||
| 650 | |a Công nghiệp sách và thương mại,Book industry and trade | ||
| 904 | |i Minh, Năm | ||
| 980 | |a Trung tâm Học liệu Trường Đại học Cần Thơ | ||